كتاب من لا يحضره طبيب : مرشد العناية الصحية / (Record no. 48081)
[ view plain ]
| 000 -الفاتح | |
|---|---|
| حقل البيانات ثابتة الطول | 00714nam a2200217Ia 4500 |
| 008 - عناصر البيانات ثابتة الطول - معلومات عامة | |
| حقل البيانات ثابتة الطول | 140319s9999 xx 000 0 ara d |
| 040 ## - مصدر الفهرسة | |
| وكالة الفهرسة الأصلية | GCL / |
| وكالة النسخ | GCL |
| 082 04 - رقم تصنيف ديوى العشرى | |
| رقم التصنيف | 614 |
| رقم المادة | و ك |
| 100 1# - المدخل الرئيسى - إسم شخصى | |
| الإسم الشخصى | ورنر, ديفيد |
| 245 10 - بيان العنوان | |
| العنوان | كتاب من لا يحضره طبيب : مرشد العناية الصحية / |
| بيان المسئوليه,etc | ورنر, ديفيد |
| 700 1# - المدخل الاضافى - اسم شخصى | |
| الإسم الشخصى | مى يعقوب حداد (ترجمة) |
| 700 1# - المدخل الاضافى - اسم شخصى | |
| الإسم الشخصى | امال الشماع |
| 300 ## - الوصف المادى | |
| التعداد | 410 ص |
| 490 ## - بيان السلسلة | |
| عنوان السلسلة | الهيئة العامة للاستعلامات |
| رقم المجلد/ التعيين التسلسلي | 0 |
| 650 04 - المدخل الاضافى بالموضوع-مصطلح موضوعى | |
| مصطلح موضوعي | الاسعافات الاولية |
| 650 04 - المدخل الاضافى بالموضوع-مصطلح موضوعى | |
| مصطلح موضوعي | الصحة العامة |
| 650 04 - المدخل الاضافى بالموضوع-مصطلح موضوعى | |
| مصطلح موضوعي | الصحة الوقائية |
| 650 04 - المدخل الاضافى بالموضوع-مصطلح موضوعى | |
| مصطلح موضوعي | الوعى الصحى |
| 942 ## - عناصر المدخل الإضافي( كوها) | |
| مصدر التصنيف او مخطط الترفيف | Dewey Decimal Classification |
| Koha [default] item type | كتاب |
| حالة التراجع | حالة الفقد | حالة تلف | ليس للاعارة | المكان المؤقت | الموقع الحالى | تاريخ الاكتساب | اجمالي اﻻعارات | رقم الطلب | الباركود | تاريخ اخر مشاهدة | تاريخ تفعيل السعر | نوع وعاء كوها |
|---|---|---|---|---|---|---|---|---|---|---|---|---|
| مكتبة القاهرة الكبرى | مكتبة القاهرة الكبرى | 03/26/2014 | 614\و ك | 116005 | 03/26/2014 | 03/26/2014 | كتاب |

